000 00521cas a22001815a 4500
001 L1313921
008 051028n2001 xxktr p a eng u
035 _a(Sirsi) u131392
041 _aeng
110 _aRoyal Institution of Chartered Surveyors
_bSouth East Region
_95219
245 0 0 _aSouth East News
260 _aSevenoaks
_bRICS
_c2001-
362 _aSeptember 2001-
554 _aThree per year
651 4 _aSOUTH EAST ENGLAND
690 _aMANAGEMENT-BUSINESS MANAGEMENT-PROFESSIONAL PRACTICE
942 _n0
999 _c118849
_d118849